000 00657nam a2200181Ia 4500
008 151018s9999 xx 000 0 und d
082 _bRBASDV62886
_a520
100 _aबिमान बसू
245 _aताऱ्याचे अंतरंग
250 _b1
260 _bमहाराष्ट्र राज्य साहित्य संस्कुती मंडळ मुंबई
_c1999
300 _a80
600 _aबिमान बसू
630 _aताऱ्याचे अंतरंग
700 _aबिमान बसू
730 _aताऱ्याचे अंतरंग
942 _cBOOK
999 _c1055231
_d1055228